Výskumná úloha VEGA č. 1/3800/06

Na minha lista:
Detalhes bibliográficos
Autor principal: Sakálová, Katarína, 1955-
Formato: Capítulo de Livro
Idioma:eslovaco
Assuntos:
Tags: Adicionar Tag
Sem tags, seja o primeiro a adicionar uma tag!

MARC

LEADER 00000naa$a2200000$$$4500
001 0067118
005 20240502071813.5
041 0 |a slo 
044 |a SK 
245 1 0 |a Výskumná úloha VEGA č. 1/3800/06  |c Katarína Sakálová 
500 |a Abstrakt 
610 2 0 |a trh poistný 
610 2 0 |a poisťovníctvo 
610 2 0 |a poistenie životné 
610 2 0 |a projekty 
610 2 0 |a výskum 
100 1 |a Sakálová, Katarína, 1955-